000 00829nam a2200253Ia 4500
003 OSt
005 20221005112946.0
006 a|||||r|||| 00| 0
007 ta
008 221004b |||||||| |||| 00| 0 pan d
020 _a8185267197 (hbk)
_c350
024 _a5591
037 _b726, 26/06/2013, H.K. Prakashan
_cTextual
040 _aCRL
_cCRL
_bpan
041 _2pan
_apan
082 _aO153,1N201x, P3
100 _aਸਿੰਘ, ਹਰਿਭਜਨ
245 0 _aਮੇਰੀ ਕਾਵਿ ਯਾਤਰਾ
260 _aਦਿੱਲੀ
_bਨਵਯੁਗ ਭਾਰਤ
_c2003
300 _a396ਪੰ
_ccm.
650 _aਪੰਜਾਬੀ ਸਾਹਿਤ
942 _hO153,1N201x, P3
_cTEXL
_2cc
999 _c1026568
_d1026568